[Event "Las Vegas National op"]
[Site "Las Vegas"]
[Date "2025.06.06"]
[Round "5"]
[White "Melillo, Lucius"]
[Black "Yang, Jingyun"]
[Result "1/2-1/2"]
[WhiteElo "2170"]
[BlackElo "2346"]
[PlyCount "34"]
[EventDate "2025.06.04"]
[EventType "swiss"]
[EventRounds "9"]
[EventCountry "USA"]
[SourceTitle "CB24_2025"]
[SourceDate "2025.06.11"]
[SourceVersion "1"]
[SourceVersionDate "2025.06.11"]
[SourceQuality "1"]

1. e4 c5 2. Nf3 e6 3. d4 cxd4 4. Nxd4 Nf6 5. Nc3 Nc6 6. Nxc6 bxc6 7. e5 Nd5 8. Ne4 Qc7 9. f4 Rb8 10. a3 f5 11. exf6 Nxf6 12. Nxf6+ gxf6 13. Qh5+ Kd8 14. Bd2 d5 15. 0-0-0 Qb6 16. Bc3 Qe3+ 17. Rd2 Qe1+ 1/2-1/2

[Event "Las Vegas National op"]
[Site "Las Vegas"]
[Date "2025.06.04"]
[Round "1"]
[White "Gottumukkala, Anath"]
[Black "Yang, Jingyun"]
[Result "0-1"]
[WhiteElo "2053"]
[BlackElo "2346"]
[PlyCount "78"]
[EventDate "2025.06.04"]
[EventType "swiss"]
[EventRounds "9"]
[EventCountry "USA"]
[SourceTitle "CB24_2025"]
[SourceDate "2025.06.11"]
[SourceVersion "1"]
[SourceVersionDate "2025.06.11"]
[SourceQuality "1"]

1. e4 c5 2. Nf3 e6 3. d4 cxd4 4. Nxd4 Nc6 5. Nc3 Qc7 6. Be3 a6 7. Qf3 Nf6 8. 0-0-0 h5 9. Nxc6 bxc6 10. h3 Bb4 11. Bd4 Be7 12. e5 Nd5 13. Qg3 g6 14. Ne4 h4 15. Qf3 Rh5 16. g4 hxg3 17. fxg3 Rxe5 18. Bxe5 Qxe5 19. Bc4 Rb8 20. Bb3 a5 21. c3 f5 22. Bxd5 cxd5 23. Nf2 Ba6 24. Rhe1 Qc7 25. h4 Qb6 26. Rd2 d4 27. Nd1 Bf6 28. cxd4 Bxd4 29. Qf4 Rc8+ 30. Rc2 Rc6 31. Qf3 Bc4 32. b3 Qb4 33. Rxc4 Rxc4+ 34. bxc4 Qxe1 35. Qf4 Be5 36. Qf3 Qxg3 37. Qa8+ Kf7 38. Qxa5 Qf4+ 39. Kb1 Qe4+ 0-1

[Event "CAN-ch"]
[Site "Toronto"]
[Date "2025.04.21"]
[Round "8"]
[White "Yang, Jingyun"]
[Black "Kalinin, Dmitry2"]
[Result "1/2-1/2"]
[WhiteElo "2350"]
[BlackElo "2119"]
[PlyCount "100"]
[EventDate "2025.04.18"]
[EventType "swiss"]
[EventRounds "9"]
[EventCountry "CAN"]
[SourceTitle "CB17_2025"]
[SourceDate "2025.04.23"]
[SourceVersion "1"]
[SourceVersionDate "2025.04.23"]
[SourceQuality "1"]

1. e4 e6 2. d4 d5 3. Nc3 dxe4 4. Nxe4 Nd7 5. Nf3 Ngf6 6. Bd3 Nxe4 7. Bxe4 Nf6 8. Bd3 c5 9. dxc5 Bxc5 10. 0-0 0-0 11. Qe2 Qc7 12. a3 a5 13. Bg5 Be7 14. Rad1 Rd8 15. Rfe1 Bd7 16. Ne5 Be8 17. h3 Nd5 18. Bxe7 Nxe7 19. Qe4 Ng6 20. Nxg6 hxg6 21. Qe5 Qxe5 22. Rxe5 Rd5 23. Rxd5 exd5 24. f3 Kf8 25. Re1 Bc6 26. Kf2 g5 27. Re2 Re8 28. Rxe8+ Kxe8 29. Ke3 Ke7 30. Kd4 Kd6 31. b4 axb4 32. axb4 Bd7 33. c3 b6 34. Bf1 Bc8 35. g3 Bd7 36. f4 gxf4 37. gxf4 f6 38. h4 Be6 39. Bg2 Bf7 40. Bf3 Be6 41. Bh5 Bh3 42. Bf7 Bg2 43. Bg6 Bf1 44. Bf5 Be2 45. Bc8 Bh5 46. Bf5 Be2 47. Bg6 Bf1 48. Bh5 Bh3 49. Bf7 Bg2 50. Bg6 Bf1 1/2-1/2

[Event "CAN-ch"]
[Site "Toronto"]
[Date "2025.04.20"]
[Round "6"]
[White "Yang, Jingyun"]
[Black "Kaufman, Raymond"]
[Result "1/2-1/2"]
[WhiteElo "2350"]
[BlackElo "2216"]
[PlyCount "159"]
[EventDate "2025.04.18"]
[EventType "swiss"]
[EventRounds "9"]
[EventCountry "CAN"]
[SourceTitle "CB17_2025"]
[SourceDate "2025.04.23"]
[SourceVersion "1"]
[SourceVersionDate "2025.04.23"]
[SourceQuality "1"]

1. e4 e5 2. Nc3 Nf6 3. g3 Bc5 4. Bg2 0-0 5. d3 c6 6. Nf3 d6 7. h3 a5 8. a4 Re8 9. 0-0 Nbd7 10. Kh2 Bb6 11. Nd2 Nf8 12. Nc4 Bc7 13. Ne3 Be6 14. d4 exd4 15. Qxd4 Bb6 16. Qd3 Bc5 17. f4 N8d7 18. Nc4 Nb6 19. Nxb6 Qxb6 20. f5 Bc8 21. Bf4 Nd7 22. Bxd6 Bxd6 23. Qxd6 Qxb2 24. Qd2 Qb4 25. Rab1 Qc5 26. Rfd1 h6 27. Qd4 Kf8 28. Bf1 Qxd4 29. Rxd4 Ne5 30. Kg2 Ke7 31. Ne2 g6 32. Nf4 gxf5 33. exf5 Bxf5 34. Rxb7+ Kf8 35. Bd3 Nxd3 36. cxd3 Rab8 37. Rxb8 Rxb8 38. Rc4 Rb4 39. Rc5 Bh7 40. Rxa5 Rd4 41. Ra6 Bxd3 42. Nxd3 Rxd3 43. Rxc6 Ra3 44. Ra6 h5 45. Ra8+ Kg7 46. a5 h4 47. gxh4 f5 48. a6 f4 49. h5 Rg3+ 50. Kf2 Rxh3 51. Rb8 Ra3 52. Rb6 Kh7 53. Rc6 Rb3 54. Rc8 Ra3 55. Rc6 Rb3 56. Ke2 Ra3 57. Rb6 Kg8 58. Rc6 Kh7 59. Rf6 Kg7 60. Re6 Kh7 61. h6 Rb3 62. Re8 Ra3 63. Re6 Rb3 64. Rf6 Ra3 65. Kd2 f3 66. Ke1 Ra2 67. Kf1 Ra3 68. Kf2 Ra1 69. Re6 Ra3 70. Rf6 Ra1 71. Ke3 Ra3+ 72. Kd2 Ra2+ 73. Ke1 Kg8 74. Rd6 Kh7 75. Kf1 Kg8 76. Rb6 Kh7 77. Rc6 Kg8 78. Rc8+ Kh7 79. a7 Rxa7 80. Kf2 1/2-1/2

[Event "CAN-ch"]
[Site "Toronto"]
[Date "2025.04.19"]
[Round "5"]
[White "Rodrigue Lemieux, Shawn"]
[Black "Yang, Jingyun"]
[Result "1-0"]
[WhiteElo "2505"]
[BlackElo "2350"]
[PlyCount "101"]
[EventDate "2025.04.18"]
[EventType "swiss"]
[EventRounds "9"]
[EventCountry "CAN"]
[SourceTitle "CB17_2025"]
[SourceDate "2025.04.23"]
[SourceVersion "1"]
[SourceVersionDate "2025.04.23"]
[SourceQuality "1"]

1. e4 e5 2. Nf3 Nc6 3. Bc4 Bc5 4. d3 Nf6 5. Nc3 h6 6. 0-0 a6 7. a4 d6 8. Be3 Nd4 9. Bxd4 exd4 10. Ne2 Bg4 11. Ng3 Nd7 12. h3 Bxf3 13. Qxf3 Ne5 14. Qe2 g6 15. Bb3 Qe7 16. f4 Nd7 17. e5 dxe5 18. fxe5 Rf8 19. e6 fxe6 20. Bxe6 0-0-0 21. Qg4 Qg5 22. Qxg5 hxg5 23. Ne4 Be7 24. Kh2 c6 25. Kg3 Kc7 26. Bxd7 Kxd7 27. Kg4 Ke8 28. Nxg5 Bxg5 29. Kxg5 Rd5+ 30. Kh6 Rdf5 31. Rae1+ Kd7 32. Rxf5 Rxf5 33. Re2 g5 34. Kg6 Ra5 35. b3 Rc5 36. g3 b5 37. h4 gxh4 38. gxh4 bxa4 39. bxa4 Ra5 40. h5 Rxa4 41. h6 Ra1 42. Rg2 Rh1 43. h7 a5 44. Rg5 a4 45. Rh5 Rg1+ 46. Kh6 a3 47. h8Q c5 48. Rd5+ Ke6 49. Qe5+ Kf7 50. Rd7+ Kg8 51. Qe8# 1-0

[Event "North American-ch UNN"]
[Site "Dulles"]
[Date "2024.12.19"]
[Round "3"]
[White "Yang, Jingyun"]
[Black "Song, Ethan"]
[Result "1-0"]
[WhiteElo "2139"]
[BlackElo "2315"]
[PlyCount "113"]
[EventDate "2024.12.18"]
[EventType "swiss"]
[EventRounds "9"]
[EventCountry "USA"]
[SourceTitle "CB02_2025"]
[SourceDate "2025.01.08"]
[SourceVersion "1"]
[SourceVersionDate "2025.01.08"]
[SourceQuality "1"]

1. d4 Nf6 2. Nf3 d5 3. c4 e6 4. Nc3 Nbd7 5. e3 Be7 6. Bd3 b6 7. 0-0 Bb7 8. b3 0-0 9. Bb2 Re8 10. Rc1 a6 11. Qe2 c5 12. cxd5 Nxd5 13. Nxd5 exd5 14. Rfd1 Bf6 15. Bf5 Rc8 16. dxc5 Bxb2 17. Qxb2 Rxc5 18. b4 Rc7 19. Qd4 Nf6 20. Qf4 Rce7 21. Nd4 Re5 22. Nf3 R5e7 23. Nd4 Re5 24. h3 Qe7 25. Nf3 Rxf5 26. Qxf5 Ne4 27. Qf4 Nd6 28. e4 Qd7 29. e5 Nb5 30. a4 Nc7 31. Qe3 Na8 32. a5 Qb5 33. axb6 Nxb6 34. Nd4 Qd7 35. Nb3 Qb5 36. Na5 Bc8 37. Qc5 Bd7 38. Re1 h6 39. Qd4 Na4 40. Rc7 Bf5 41. Rb7 Qd3 42. Qxd3 Bxd3 43. Rd1 Bg6 44. Nc6 Nc3 45. Rd2 Kh7 46. f4 Rf8 47. Rb8 Rxb8 48. Nxb8 Be4 49. Nxa6 Kg6 50. g4 h5 51. Nc5 Bf3 52. Rd3 Ne2+ 53. Kf2 hxg4 54. hxg4 Bxg4 55. b5 Nxf4 56. Rg3 Kf5 57. b6 1-0

[Event "Canadian op"]
[Site "Laval"]
[Date "2024.07.18"]
[Round "8"]
[White "Yang, Jingyun"]
[Black "Sambuev, Bator"]
[Result "1-0"]
[WhiteElo "2145"]
[BlackElo "2448"]
[PlyCount "135"]
[EventDate "2024.07.13"]
[EventType "swiss"]
[EventRounds "9"]
[EventCountry "CAN"]
[SourceTitle "CBM 221 Extra"]
[Source "ChessBase"]
[SourceDate "2024.09.30"]
[SourceVersion "1"]
[SourceVersionDate "2024.09.30"]
[SourceQuality "1"]

1. d4 Nf6 2. Nf3 d5 3. Bg5 Nbd7 4. Nbd2 c5 5. e3 Qb6 6. Rb1 h6 7. Bf4 g5 8. dxc5 Qxc5 9. b4 Qb6 10. Bg3 a5 11. a3 axb4 12. axb4 Bg7 13. c4 Ne4 14. c5 Qg6 15. Nxe4 dxe4 16. Nd4 0-0 17. Be2 e5 18. Bh5 Qh7 19. Nb5 f5 20. h4 g4 21. Nd6 Kh8 22. Nxc8 Nf6 23. Bg6 Qxg6 24. Ne7 Qh7 25. h5 Nxh5 26. Rxh5 Rad8 27. Qe2 Rf7 28. Rd1 Re8 29. Nxf5 Rxf5 30. Qxg4 Rf7 31. Kf1 Rg8 32. Kg1 Bf6 33. Qh3 Rg6 34. Qc8+ Rg8 35. Qh3 Rg6 36. Rxe5 Qg7 37. Red5 Bc3 38. Rd8+ Kh7 39. R8d7 Rgf6 40. Rxf7 Rxf7 41. Qe6 Re7 42. Qf5+ Qg6 43. Qxg6+ Kxg6 44. b5 Be5 45. Bxe5 Rxe5 46. Rd6+ Kg5 47. Rb6 Rxc5 48. Rxb7 Rc1+ 49. Kh2 Rc2 50. Kg3 h5 51. Rg7+ Kf6 52. Rh7 Kg6 53. Re7 h4+ 54. Kxh4 Rxf2 55. Rxe4 Rb2 56. Rg4+ Kf6 57. Rg5 Rb3 58. Rc5 Rxe3 59. g4 Rb3 60. Rc6+ Kg7 61. b6 Rb5 62. Kg3 Rb4 63. Rd6 Kf7 64. Kh4 Rb5 65. g5 Rb1 66. Kg4 Kg7 67. Kf5 Rb5+ 68. Ke6 1-0

[Event "Canadian op"]
[Site "Laval"]
[Date "2024.07.17"]
[Round "7"]
[White "Yang, Jingyun"]
[Black "Douglas, Richard"]
[Result "1-0"]
[WhiteElo "2145"]
[BlackElo "1863"]
[PlyCount "121"]
[EventDate "2024.07.13"]
[EventType "swiss"]
[EventRounds "9"]
[EventCountry "CAN"]
[SourceTitle "EXT 2025"]
[Source "ChessBase"]
[SourceDate "2024.10.14"]
[SourceVersion "1"]
[SourceVersionDate "2024.10.14"]
[SourceQuality "1"]

1. d4 f5 2. Nf3 Nf6 3. c4 e6 4. Nc3 Bb4 5. Bd2 0-0 6. Qc2 d6 7. a3 Bxc3 8. Bxc3 Nbd7 9. g3 Ne4 10. Nd2 d5 11. f3 Nxd2 12. Bxd2 Nb6 13. c5 Nc4 14. e3 b6 15. Bxc4 dxc4 16. Qxc4 Qe8 17. 0-0 Bb7 18. Rae1 a5 19. Rf2 Bd5 20. Qe2 Qc6 21. e4 fxe4 22. fxe4 Rxf2 23. Kxf2 Rf8+ 24. Kg1 Bb3 25. cxb6 cxb6 26. Bc3 Bc4 27. Qg2 Qd7 28. Rd1 Qf7 29. Bd2 Qf3 30. Qxf3 Rxf3 31. Re1 Rd3 32. Bc3 Kf7 33. Kg2 Bb3 34. Rf1+ Ke7 35. Rf4 g5 36. Rf2 g4 37. h3 h5 38. hxg4 hxg4 39. Rf1 Bd1 40. Re1 Bf3+ 41. Kf2 Rd1 42. Rxd1 Bxd1 43. Ke3 Bf3 44. a4 Kd7 45. Kf4 Bd1 46. Bd2 Kc6 47. Be3 b5 48. Ke5 Bb3 49. d5+ exd5 50. exd5+ Kd7 51. axb5 Bc4 52. b6 Ba6 53. Kf5 Kd6 54. Kxg4 Kxd5 55. Kf5 Bc8+ 56. Kf4 a4 57. g4 Ke6 58. g5 Bb7 59. Bd4 Kf7 60. Ke5 Kg6 61. Be3 1-0

[Event "Canadian op"]
[Site "Laval"]
[Date "2024.07.16"]
[Round "6"]
[White "Han, Johnathan"]
[Black "Yang, Jingyun"]
[Result "1-0"]
[WhiteElo "2333"]
[BlackElo "2145"]
[PlyCount "91"]
[EventDate "2024.07.13"]
[EventType "swiss"]
[EventRounds "9"]
[EventCountry "CAN"]
[SourceTitle "CBM 221 Extra"]
[Source "ChessBase"]
[SourceDate "2024.09.30"]
[SourceVersion "1"]
[SourceVersionDate "2024.09.30"]
[SourceQuality "1"]

1. e4 c5 2. Nf3 Nc6 3. d4 cxd4 4. Nxd4 e6 5. Nc3 Qc7 6. Be2 a6 7. 0-0 b5 8. Be3 Bb7 9. a3 Nf6 10. f4 Be7 11. Bf3 0-0 12. Nb3 d6 13. Qe1 Rad8 14. Rd1 Kh8 15. g4 b4 16. axb4 Nxb4 17. Qf2 d5 18. e5 Nd7 19. g5 f6 20. Nd4 Nc5 21. gxf6 gxf6 22. exf6 Rxf6 23. Kh1 Ne4 24. Qe1 Rh6 25. Nce2 Rg8 26. Rg1 Rxg1+ 27. Qxg1 Rg6 28. Qe1 Kg8 29. c3 Nc6 30. Bh5 Nxd4 31. Bxd4 e5 32. fxe5 Rg5 33. Nf4 Rxe5 34. Qg1+ Bg5 35. Rf1 Rf5 36. Ne6 Rxf1 37. Qxf1 Qe7 38. Nd8 Nd6 39. Nxb7 Nxb7 40. Bf3 Nd6 41. Bxd5+ Nf7 42. b4 h6 43. c4 Qd7 44. Qd3 Qd6 45. Qf5 Qxb4 46. Qxf7# 1-0

[Event "Canadian op"]
[Site "Laval"]
[Date "2024.07.13"]
[Round "1"]
[White "Yang, Jingyun"]
[Black "Zhang, Michelle1"]
[Result "1-0"]
[WhiteElo "2145"]
[BlackElo "1847"]
[PlyCount "117"]
[EventDate "2024.07.13"]
[EventType "swiss"]
[EventRounds "9"]
[EventCountry "CAN"]
[SourceTitle "EXT 2025"]
[Source "ChessBase"]
[SourceDate "2024.10.14"]
[SourceVersion "1"]
[SourceVersionDate "2024.10.14"]
[SourceQuality "1"]

1. e4 c6 2. d4 d5 3. exd5 cxd5 4. Bd3 Nc6 5. c3 Nf6 6. h3 g6 7. Nf3 Bf5 8. 0-0 Bg7 9. Bxf5 gxf5 10. Bf4 e6 11. Nbd2 Ne4 12. Qb3 Qd7 13. Nxe4 fxe4 14. Ne5 Nxe5 15. dxe5 Rc8 16. f3 Rc4 17. fxe4 Rxe4 18. Rae1 Rxe1 19. Rxe1 0-0 20. Qd1 h6 21. Re3 Kh7 22. Rg3 Rg8 23. Qd3+ Kh8 24. Qe3 Kh7 25. Qxa7 Qb5 26. Qf2 Qc4 27. Be3 Qc7 28. Bd4 Rf8 29. Qc2+ Kh8 30. Re3 Ra8 31. a3 Qc4 32. Qf2 Qc7 33. Rf3 Kg8 34. Qg3 Kh7 35. Qf4 Rf8 36. Kh1 Qc4 37. Qd2 Kh8 38. Qf2 Qc7 39. Bc5 Rg8 40. Bd6 Qc4 41. Rxf7 Qe4 42. Rf4 Qb1+ 43. Kh2 Qd3 44. Rf3 Qe4 45. Qe3 Qc2 46. Rf2 Qg6 47. Be7 Kh7 48. Bc5 Qh5 49. Bd4 Qg6 50. a4 Ra8 51. b3 Qb1 52. Rf7 Qxb3 53. Qd3+ Kh8 54. Qg6 Rg8 55. Qxe6 Qc2 56. Qxd5 Qxa4 57. Qxb7 Qc4 58. e6 Qxe6 59. Rxg7 1-0

[Event "CAN-ch U18"]
[Site "Laval"]
[Date "2024.07.09"]
[Round "2"]
[White "Guipi Bopala, Prince Eric Jr"]
[Black "Yang, Jingyun"]
[Result "1/2-1/2"]
[WhiteElo "1892"]
[BlackElo "2145"]
[PlyCount "97"]
[EventDate "2024.07.09"]
[EventType "swiss"]
[EventRounds "7"]
[EventCountry "CAN"]
[SourceTitle "EXT 2025"]
[Source "ChessBase"]
[SourceDate "2024.10.14"]
[SourceVersion "1"]
[SourceVersionDate "2024.10.14"]
[SourceQuality "1"]

1. d4 Nf6 2. c4 g6 3. Nc3 d5 4. cxd5 Nxd5 5. e4 Nxc3 6. bxc3 Bg7 7. Nf3 c5 8. Rb1 0-0 9. Be2 b6 10. 0-0 Bb7 11. Qc2 Nd7 12. d5 Qc7 13. c4 e6 14. Bb2 exd5 15. Bxg7 Kxg7 16. exd5 Rfe8 17. Rfe1 Qd6 18. a4 Re7 19. a5 Rae8 20. axb6 Nxb6 21. Bf1 Rxe1 22. Rxe1 Rxe1 23. Nxe1 f6 24. Qa2 a6 25. Qa5 Kf7 26. Nd3 Nxc4 27. Qxc5 Bxd5 28. Qxd6 Nxd6 29. Nb4 Bc4 30. Bxc4+ Nxc4 31. Nxa6 Ke6 32. Nc5+ Kf5 33. g3 Nd2 34. Kg2 Ne4 35. Nd3 h5 36. h4 Nc3 37. Nf4 Ne4 38. Nd5 g5 39. hxg5 fxg5 40. Ne3+ Kg6 41. Nd5 g4 42. f3 gxf3+ 43. Kxf3 Ng5+ 44. Kg2 Ne6 45. Nf4+ Nxf4+ 46. gxf4 Kf5 47. Kh3 Kxf4 48. Kh4 Kf5 49. Kxh5 1/2-1/2

[Event "Titled Tuesday intern op 28th May Early"]
[Site "Chess.com INT"]
[Date "2024.05.28"]
[Round "5"]
[White "Liu, Casper Yukun"]
[Black "Yang, Jingyun"]
[Result "0-1"]
[WhiteElo "2306"]
[BlackElo "2125"]
[PlyCount "46"]
[EventDate "2024.05.28"]
[EventType "swiss (blitz)"]
[EventRounds "11"]
[EventCountry "USA"]
[SourceTitle "EXT 2025"]
[Source "ChessBase"]
[SourceDate "2024.10.14"]
[SourceVersion "1"]
[SourceVersionDate "2024.10.14"]
[SourceQuality "1"]

1. e4 Nf6 2. Qe2 e5 3. d4 exd4 4. Nf3 Nc6 5. Bg5 h6 6. e5 Bb4+ 7. c3 dxc3 8. exf6+ Kf8 9. bxc3 hxg5 10. fxg7+ Kxg7 11. cxb4 Re8 12. Nbd2 Rxe2+ 13. Bxe2 Qf6 14. 0-0 Nxb4 15. a3 Nd5 16. Bc4 Nf4 17. Ne4 Qc6 18. Bxf7 Qxe4 19. Ba2 g4 20. Rfe1 Ne2+ 21. Kf1 gxf3 22. gxf3 Qxf3 23. Rxe2 Qh1# 0-1

[Event "Titled Tuesday intern op 28th May Early"]
[Site "Chess.com INT"]
[Date "2024.05.28"]
[Round "8"]
[White "Mizzi, Jack"]
[Black "Yang, Jingyun"]
[Result "1-0"]
[WhiteElo "2051"]
[BlackElo "2125"]
[PlyCount "57"]
[EventDate "2024.05.28"]
[EventType "swiss (blitz)"]
[EventRounds "11"]
[EventCountry "USA"]
[SourceTitle "EXT 2025"]
[Source "ChessBase"]
[SourceDate "2024.10.14"]
[SourceVersion "1"]
[SourceVersionDate "2024.10.14"]
[SourceQuality "1"]

1. d4 Nf6 2. c4 g6 3. g3 c5 4. d5 Bg7 5. Bg2 b5 6. cxb5 d6 7. a4 a6 8. bxa6 Bxa6 9. Nf3 0-0 10. 0-0 Nbd7 11. Re1 Rb8 12. Nc3 Qa5 13. h3 Bc4 14. Nd2 Ba6 15. Nf3 Bc4 16. e4 Bb3 17. Qe2 Nb6 18. e5 Nfxd5 19. Bd2 Nb4 20. exd6 exd6 21. Bf4 Rbd8 22. Rac1 Nxa4 23. Ne4 Nxb2 24. Bxd6 Rfe8 25. Nf6+ Bxf6 26. Qxe8+ Rxe8 27. Rxe8+ Kg7 28. Bf8+ Kg8 29. Bh6# 1-0

[Event "Titled Tuesday intern op 28th May Early"]
[Site "Chess.com INT"]
[Date "2024.05.28"]
[Round "2"]
[White "Yang, Jingyun"]
[Black "Manon Og, Ramon Jr"]
[Result "1-0"]
[WhiteElo "2125"]
[BlackElo "1960"]
[PlyCount "75"]
[EventDate "2024.05.28"]
[EventType "swiss (blitz)"]
[EventRounds "11"]
[EventCountry "USA"]
[SourceTitle "EXT 2025"]
[Source "ChessBase"]
[SourceDate "2024.10.14"]
[SourceVersion "1"]
[SourceVersionDate "2024.10.14"]
[SourceQuality "1"]

1. e4 c5 2. Nf3 d6 3. d4 cxd4 4. Nxd4 Nf6 5. Nc3 a6 6. h3 e5 7. Nb3 h5 8. Bg5 Be7 9. Be2 Be6 10. Qd2 Nbd7 11. 0-0 0-0 12. Be3 b5 13. Bf3 Nb6 14. Nd5 Nfxd5 15. exd5 Nc4 16. Qd3 Bd7 17. Bxh5 f5 18. Qe2 Nxb2 19. Bg6 Be8 20. Qh5 Bxg6 21. Qxg6 Rc8 22. f4 Rxc2 23. fxe5 Nc4 24. Bh6 Bf6 25. exf6 Qxf6 26. Qxf6 Rxf6 27. Bf4 Rg6 28. Rf2 Rc3 29. Nd4 Rxh3 30. Nxf5 Rd3 31. Ne7+ Kh7 32. Nxg6 Kxg6 33. Re1 Rxd5 34. Rf3 b4 35. Rg3+ Kf5 36. Bc1 a5 37. Rg5+ Kf6 38. Rxd5 1-0

[Event "San Francisco 1000 GM Memorial Day"]
[Site "San Francisco"]
[Date "2024.05.25"]
[Round "5"]
[White "Yang, Jingyun"]
[Black "Tang, Zoey"]
[Result "1/2-1/2"]
[WhiteElo "2125"]
[BlackElo "2264"]
[PlyCount "91"]
[EventDate "2024.05.23"]
[EventType "swiss"]
[EventRounds "9"]
[EventCountry "USA"]
[SourceTitle "CBM 220 Extra"]
[Source "ChessBase"]
[SourceDate "2024.07.31"]
[SourceVersion "1"]
[SourceVersionDate "2024.07.31"]
[SourceQuality "1"]

1. e4 c5 2. Nf3 Nc6 3. d4 cxd4 4. Nxd4 Nf6 5. Nc3 e5 6. Ndb5 d6 7. Nd5 Nxd5 8. exd5 Nb8 9. a4 Be7 10. Be2 0-0 11. 0-0 Nd7 12. Be3 a6 13. Na3 Nf6 14. Nc4 Bf5 15. Nb6 Rb8 16. a5 Nd7 17. Nc4 Bg6 18. f4 exf4 19. Bxf4 Qc7 20. b3 Rfe8 21. Qd2 Bf8 22. Rae1 b5 23. axb6 Nxb6 24. Be3 Nxc4 25. Bxc4 Be4 26. Bd4 f5 27. Ra1 Ra8 28. Ra4 Qf7 29. Rxa6 Rxa6 30. Bxa6 Bxd5 31. Bd3 Be4 32. c4 Qb7 33. Bxe4 Qxe4 34. Bf2 Qb7 35. Bg3 Qxb3 36. Qd5+ Kh8 37. Qxf5 g6 38. Qf7 Rc8 39. Bxd6 Bg7 40. Re1 Bd4+ 41. Kh1 Qxc4 42. Re8+ Rxe8 43. Qxe8+ Qg8 44. Be5+ Bxe5 45. Qxe5+ Qg7 46. Qe8+ 1/2-1/2

[Event "Canadian zt"]
[Site "Toronto"]
[Date "2024.03.27"]
[Round "1"]
[White "Thavandiran, Shiyam"]
[Black "Yang, Jingyun"]
[Result "1-0"]
[WhiteElo "2347"]
[BlackElo "2122"]
[PlyCount "85"]
[EventDate "2024.03.27"]
[EventType "team-swiss"]
[EventRounds "10"]
[EventCountry "CAN"]
[SourceTitle "CBM 219 Extra"]
[Source "ChessBase"]
[SourceDate "2024.05.31"]
[SourceVersion "1"]
[SourceVersionDate "2024.05.31"]
[SourceQuality "1"]

1. c4 g6 2. g3 Bg7 3. Bg2 Nf6 4. Nc3 c5 5. e4 Nc6 6. Nge2 d6 7. d3 0-0 8. 0-0 a6 9. a3 Rb8 10. Rb1 b5 11. cxb5 axb5 12. b4 cxb4 13. axb4 Bd7 14. h3 Qc7 15. Be3 Rfc8 16. Qd2 Qd8 17. f4 Ne8 18. g4 e6 19. d4 Nc7 20. d5 exd5 21. exd5 Ne7 22. Bd4 f5 23. Bxg7 Kxg7 24. Rbe1 fxg4 25. hxg4 Bxg4 26. Nd4 Qd7 27. Nc6 Nxc6 28. dxc6 Qf7 29. Ne4 Ne8 30. Qd4+ Kh6 31. f5 gxf5 32. Nxd6 Nxd6 33. Qxd6+ Kg5 34. Re7 Qf6 35. Qf4+ Kg6 36. Rfe1 Re8 37. Rxe8 Rxe8 38. Rxe8 Kf7 39. Re1 Qc3 40. Bd5+ Kg6 41. Re6+ Kg7 42. Qh6+ Kf7 43. Re3# 1-0

[Event "Chesterfield SPICE Cup op"]
[Site "Chesterfield"]
[Date "2023.12.22"]
[Round "9"]
[White "Chen, Ryo"]
[Black "Yang, Jingyun"]
[Result "1-0"]
[WhiteElo "2355"]
[BlackElo "2129"]
[PlyCount "75"]
[EventDate "2023.12.17"]
[EventType "swiss"]
[EventRounds "9"]
[EventCountry "USA"]
[SourceTitle "CBM 217 Extra"]
[Source "ChessBase"]
[SourceDate "2024.01.31"]
[SourceVersion "1"]
[SourceVersionDate "2024.01.31"]
[SourceQuality "1"]

1. e4 c5 2. Nf3 e6 3. d4 cxd4 4. Nxd4 Nc6 5. Nc3 Qc7 6. Be3 a6 7. Be2 Nf6 8. 0-0 Be7 9. f4 d6 10. a4 0-0 11. Kh1 Bd7 12. Nb3 e5 13. Nd5 Nxd5 14. exd5 Na5 15. Nxa5 Qxa5 16. fxe5 dxe5 17. d6 Bh4 18. c3 Rae8 19. Qb3 Qd8 20. Qxb7 Re6 21. Qxa6 Bg5 22. Bxg5 Qxg5 23. Bc4 Ree8 24. Qb7 Qg4 25. Bb5 Bxb5 26. axb5 e4 27. Qd5 e3 28. c4 e2 29. Rfe1 Re4 30. c5 Rf4 31. b6 Rf2 32. d7 Rd8 33. c6 Qb4 34. Qd3 Qxb6 35. Rxe2 Rxe2 36. Qxe2 Qxc6 37. Qe7 Rxd7 38. Qe8# 1-0